000 00801cab a2200265 4500
001 ABS49122
008 090401t1993 xxu||||| |||| 00| 0 eng d
035 _a(Sirsi) u70103
041 _aeng
100 _aEvans, B.
245 _aRepairing bomb damage
260 _c1993
350 _a0
490 _aArchitects` Journal
_v198(7) 18 August 1993, 39-41(3)
520 _aDiscusses the very specific design agenda for refurbishment after an explosion, explains what is involved and outlines the wider implications for office letting and repair standards.
650 _aBLAST RESISTANCE
650 _aBOMB DAMAGE
650 _aBOMBS
650 _aEXPLOSIONS
650 _aFITZROY ROBINSON
650 _aTERRORISM
690 _aRefurbishment
_96264
942 _n0
948 _c04/03/1997
999 _c44102
_d44102